| 000 | 00554nam a22001937a 4500 | ||
|---|---|---|---|
| 003 | OSt | ||
| 005 | 20160426183040.0 | ||
| 008 | 160426b xxu||||| |||| 00| 0 eng d | ||
| 020 | _a0435096907 | ||
| 040 | _cDDC. | ||
| 082 | _a370.9INT1997. | ||
| 100 |
_aEdited by Jean,Underwood;Brown,Jenny, _98335 |
||
| 245 |
_aIntegrated Learning system. _bPotential into Practice. |
||
| 260 |
_aOxford. _bHeinemann, _c1997. |
||
| 300 |
_a216p; _bill; _c25cm. |
||
| 504 | _aincludes references ,glossary and index. | ||
| 650 |
_aEducation. _91404 |
||
| 942 |
_2ddc _cSLOAN |
||
| 999 |
_c3792 _d3792 |
||